All 50+ 'F' Girl Names that have ever ranked in the top 1000 (US) - Statistics

General Stats
  • This quiz has been taken 83 times
  • The average score is 34 of 75
Answer Stats
Highest Rank Female Name % Correct
593 Fran
98%
954 Franc
98%
436 Frank
98%
9 Frances
93%
983 Francies
93%
206 Francis
93%
180 Fiona
84%
671 Flo
84%
907 Flor
84%
314 Francesca
82%
482 Francisca
82%
47 Fannie
79%
183 Fanny
79%
952 Fannye
79%
647 Florance
79%
6 Florence
79%
68 Flora
77%
683 Fae
70%
202 Fay
70%
153 Faye
70%
345 Felicity
70%
48 Faith
69%
851 Farah
69%
177 Farrah
69%
231 Frankie
69%
597 Fred
62%
129 Freya
62%
626 Freyja
62%
484 Felecia
61%
96 Felicia
61%
224 Francine
61%
161 Freda
57%
696 Freeda
57%
468 Freida
57%
695 Frida
57%
149 Frieda
57%
157 Fern
52%
409 Ferne
52%
234 Fatima
51%
414 Freddie
51%
159 Finley
49%
752 Frederica
39%
567 Fredericka
39%
376 Fallon
38%
915 Falon
38%
344 Fernanda
34%
763 Fawn
31%
134 Flossie
31%
625 Fairy
28%
381 Florida
26%
838 Forest
23%
891 Forrest
23%
955 Francina
20%
427 Filomena
18%
664 Fabiola
16%
930 Florie
16%
556 Florrie
16%
699 Flavia
15%
572 Florene
11%
343 Florine
11%
680 Felisha
7%
782 Fidelia
5%
277 Floy
5%
823 Fonda
5%
965 Felicie
3%
768 Floyd
3%
736 Fleeta
2%
655 Fleta
2%
865 Fleda
0%
855 Francisquita
0%
560 Frona
0%
617 Fronia
0%
597 Fronie
0%
865 Fronnie
0%
962 Fumiko
0%
No matching quizzes found
Score Distribution
Percent of People with Each Score
Percentile by Number Answered
Your Score History
You have not taken this quiz